LDR 01060naa#a2200157#i#450# 001 RU\\bibl\19409 005 20260702042741.4 100 ## _a20260519b2026####ek#y0rusy0150####ca 102 ## _aRU 200 1# _aИСТОРИКО-ПОЛИТОЛОГИЧЕСКИЙ АНАЛИЗ ПРЕДСТАВЛЕНИЙ О ВЛАСТИ И ГОСУДАРСТВЕННОМ ПАТЕРНАЛИЗМЕ В РОССИИ: ТЕОРИЯ И ПРАКТИКА _eСтатья/тезисы конференции 210 1# _aМосква _cАвтономная некоммерческая образовательная организация высшего образования «Кубанский институт профессионального образования» _d2026 215 ## _a3 с. 608 ## _aСтатья/тезисы конференции _2local 675 ## _aГосударственное право. Конституционное право. Административное право. 342 _z 700 #1 _aКомарова _gМарина Владимировна 856 4# _afiz.editorum.ru _u